| 000 | 01480nam0a2200337 4500 | ||
|---|---|---|---|
| 001 | RU\NLR\b_ik\101261 | ||
| 005 | 20250616225103.0 | ||
| 010 |
_a5-7237-0374-9 _9200 |
||
| 035 | _a(NLR Aleph) 002175142 | ||
| 090 |
_a2707342 _c2707342 |
||
| 100 | _a20031014d2002 |||y0rusy50 ca | ||
| 101 | 0 | _aeng | |
| 102 | _aRU | ||
| 105 | _aac ||||||||| | ||
| 200 | 1 |
_aProblems of chemotronics of glass _eColl. sci. papers _fV.V. Tarasov _g[Ed. by I.P. Ipatova a. I.P. Zvyagin] _gMendeleev chem. soc. of Russia etc. |
|
| 210 |
_aM. _cMendeleev univ. of chem. technology of Russia _d2002 |
||
| 215 |
_a145, [1] с. _cил., портр. _d21 |
||
| 300 | _aВ вып. дан.: Проблемы хемотроники стекла / Тарасов Василий Васильевич | ||
| 300 | _aВ надзаг. также: Russ. phys. soc., Mendeleev univ. of chem. technology of Russia | ||
| 320 | _aБиблиогр. в конце ст. | ||
| 517 | 0 | _aПроблемы хемотроники стекла | |
| 606 | 0 |
_aСтекло _xФизические свойства _92311992 _3RU\NLR\AUTH\661383647 |
|
| 606 | 0 |
_aХимотронные приборы _9924607 _3RU\NLR\AUTH\6620735 |
|
| 686 | 4 | _aЛ43-106.3 | |
| 686 | 4 | _aЗ858 | |
| 700 | 1 |
_aTarasov _bV. V. _f1902-1969 _gVasilij Vasil'evič _4070 |
|
| 702 | 1 |
_aIpatova _bI. P. _4340 |
|
| 801 | 0 |
_aRU _bNLR _c20031014 _gPSBO |
|
| 942 | _cBOOK | ||
| 980 | _aNB | ||